Analytické systémy hodnocení ukazatelů

Enregistré dans:
Détails bibliographiques
Auteur principal: Schnierl, Zdeněk
Format: Livre
Langue:slovaque
Publié: Praha Svépomoc 1988
Édition:1. vyd.
Tags: Ajouter un tag
Pas de tags, Soyez le premier à ajouter un tag!

MARC

LEADER 00000nam a2200000 4500
001 c033897
005 20221219091352.4
041 0 |a slo 
044 |a CZ 
245 1 0 |a Analytické systémy hodnocení ukazatelů  |c Zdeněk Schnierl 
250 |a 1. vyd. 
264 1 |a Praha  |b Svépomoc  |c 1988 
300 |a 162 s. 
100 1 |a Schnierl, Zdeněk